Ucapan-ucapan Tun Hussein Onn 1979

Bibliographic Details
Corporate Author: Malaysia
Format: Book
Published: Kuala Lumpur : Arkib Negara Malaysia , 19__
Series:Lib. has 2 vols. Speeches from year 1979 & 1989
Subjects:

MARC

LEADER 00000cam a2200000 7i4500
001 0000001701
002 000001852
005 20040110.0
020 |a T000000229 
090 0 0 |a 080   |b MAL 
110 1 |a Malaysia   |c Arkib Negara 
245 0 0 |a Ucapan-ucapan Tun Hussein Onn 1979 
260 |a Kuala Lumpur :   |b Arkib Negara Malaysia ,   |c 19__ 
300 |a 245p. ;   |c 23cm. 
490 0 |a Lib. has 2 vols. Speeches from year 1979 & 1989 
500 |a Koleksi Perdana Menteri Malaysia Aras 3 
650 0 0 |a Prime Ministers   |z Malaysia   |x Inaugural addresses 
999 |a 034086   |b BUKU   |c MALAYSIANA   |e PERPUSTAKAAN KOMUNITI PETALING JAYA